Municipios y cartas organicas: (Registro nro. 6517)
[ vista simple ]
| 000 -LEADER | |
|---|---|
| fixed length control field | 01351nam a22004217a 4500 |
| 003 - CONTROL NUMBER IDENTIFIER | |
| control field | OSt |
| 005 - DATE AND TIME OF LATEST TRANSACTION | |
| control field | 20260407091916.0 |
| 007 - PHYSICAL DESCRIPTION FIXED FIELD--GENERAL INFORMATION | |
| fixed length control field | ta |
| 008 - FIXED-LENGTH DATA ELEMENTS--GENERAL INFORMATION | |
| fixed length control field | 260407s2025 ag ||||| |||| 00| 0 spa d |
| 020 ## - INTERNATIONAL STANDARD BOOK NUMBER | |
| International Standard Book Number | 9786316663405 |
| 040 ## - CATALOGING SOURCE | |
| Transcribing agency | cj catamarca |
| 082 ## - DEWEY DECIMAL CLASSIFICATION NUMBER | |
| Classification number | 352 L879m |
| 100 10 - MAIN ENTRY--PERSONAL NAME | |
| 9 (RLIN) | 305 |
| Personal name | Losa, Nestor Osvaldo |
| 245 10 - TITLE STATEMENT | |
| Title | Municipios y cartas organicas: |
| Remainder of title | Medio ambiente. Justicia y faltas. Consumidores |
| 250 ## - EDITION STATEMENT | |
| Edition statement | 1º ed. |
| 260 ## - PUBLICATION, DISTRIBUTION, ETC. | |
| Place of publication, distribution, etc. | Resistencia: |
| Name of publisher, distributor, etc. | ConTexto, |
| Date of publication, distribution, etc. | 2025 |
| 300 ## - PHYSICAL DESCRIPTION | |
| Extent | 188 p. |
| Dimensions | 22 cm |
| 500 ## - GENERAL NOTE | |
| General note | INVENTARIO Nº 8140 |
| 650 #7 - SUBJECT ADDED ENTRY--TOPICAL TERM | |
| Source of heading or term | SAIJ |
| 653 ## - INDEX TERM--UNCONTROLLED | |
| Uncontrolled term | DERECHO MUNICIPAL |
| 653 ## - INDEX TERM--UNCONTROLLED | |
| Uncontrolled term | MUNICIPALIDAD-CARTA ORGANICA |
| 653 ## - INDEX TERM--UNCONTROLLED | |
| Uncontrolled term | MUNICIPIO-GOBIERNO |
| 653 ## - INDEX TERM--UNCONTROLLED | |
| Uncontrolled term | MUNICIPIO-POLITICAS PUBLICAS |
| 653 ## - INDEX TERM--UNCONTROLLED | |
| Uncontrolled term | CARTA ORGANICA-CONSEJOS |
| 653 ## - INDEX TERM--UNCONTROLLED | |
| Uncontrolled term | LEY 27.742-USUARIO-CONSUMIDOR |
| 653 ## - INDEX TERM--UNCONTROLLED | |
| Uncontrolled term | DNU 70/23 |
| 653 ## - INDEX TERM--UNCONTROLLED | |
| Uncontrolled term | FALTAS-CONTRAVENCIONES-CONSUMIDOR |
| 653 ## - INDEX TERM--UNCONTROLLED | |
| Uncontrolled term | MUNICIPIO-AUTONOMIA JUDICIAL |
| 653 ## - INDEX TERM--UNCONTROLLED | |
| Uncontrolled term | LEY 23.191 |
| 653 ## - INDEX TERM--UNCONTROLLED | |
| Uncontrolled term | PACTO DE SAN JOSE DE COSTA RICA |
| 653 ## - INDEX TERM--UNCONTROLLED | |
| Uncontrolled term | PODER JUDICIAL MUNICIPAL |
| 653 ## - INDEX TERM--UNCONTROLLED | |
| Uncontrolled term | DERECHO CONTRAVENCIONAL-DERECHO ADMINISTRATIVO SANCIONADOR |
| 653 ## - INDEX TERM--UNCONTROLLED | |
| Uncontrolled term | TRIBUNAL MUNICIPAL-PARTICIPACION POPULAR |
| 653 ## - INDEX TERM--UNCONTROLLED | |
| Uncontrolled term | ESPACIOS PUBLICOS |
| 653 ## - INDEX TERM--UNCONTROLLED | |
| Uncontrolled term | JURISPRUDENCIA |
| 856 ## - ELECTRONIC LOCATION AND ACCESS | |
| Uniform Resource Identifier | <a href="https://drive.google.com/file/d/1tPy2PSkdaRo1xHrMw0ymNKZMsKvSnW8j/view?usp=sharing">https://drive.google.com/file/d/1tPy2PSkdaRo1xHrMw0ymNKZMsKvSnW8j/view?usp=sharing</a> |
| 942 ## - ADDED ENTRY ELEMENTS (KOHA) | |
| Source of classification or shelving scheme | Dewey Decimal Classification |
| Koha item type | Book |
| Suppress in OPAC | No |
| Withdrawn status | Lost status | Source of classification or shelving scheme | Damaged status | Not for loan | Home library | Current library | Date acquired | Source of acquisition | Total Checkouts | Full call number | Barcode | Date last seen | Price effective from | Koha item type |
|---|---|---|---|---|---|---|---|---|---|---|---|---|---|---|
| Dewey Decimal Classification | PJCB | PJCB | 04/07/2026 | Compra | 352 L879m | 8140 | 04/07/2026 | 04/07/2026 | Book |

